Statistics for Were they a Republican or a Democrat

Click here to take the quiz!

General Stats

  • This quiz has been taken 22 times
  • The average score is 8 of 10

Answer Stats

QuestionAnswer% Correct
Barrack ObamaDemocrat
100%
Joe BidenDemocrat
100%
Donald TrumpRepublican
100%
Richard NixonRepublican
95%
George BushRepublican
95%
Abraham LincolnRepublican
95%
Franklin RooseveltDemocrat
84%
Benjamin HarrisonRepublican
58%
Theodore RooseveltRepublican
53%
Andrew JacksonDemocrat
47%

Score Distribution

Percentile by Number Answered

Percent of People with Each Score

Your Score History

You have not taken this quiz